00210nam a22000977a 4500040000700000082000800007100002400015245004500039260001900084300000900103 cSY a363 aDOUGLAS HOLTZ-EAKIN aThe economics of climate change:a primer aRUAbDOUc2003 a65p.